China's developmental miracle : origins, transformations, and challenges /

Bibliographic Details
Other Authors: So, Alvin Y., (Editor)
Format: eBook
Language:English
Published: London, [England] ; New York, New York : Routledge, 2015.
Series:Asia and the Pacific (Armonk, N.Y.)
Subjects:
Online Access:Click to View
LEADER 01993nam a2200469 i 4500
001 EBC4586818
003 MiAaPQ
005 20200520144314.0
006 m o d |
007 cr cnu||||||||
008 160803t20152003enka ob 001 0 eng d
020 |z 9780765610379 
020 |a 9781315498560  |q (electronic bk.) 
035 |a (MiAaPQ)EBC4586818 
035 |a (Au-PeEL)EBL4586818 
035 |a (CaPaEBR)ebr11235154 
035 |a (CaONFJC)MIL938147 
035 |a (OCoLC)953603954 
040 |a MiAaPQ  |b eng  |e rda  |e pn  |c MiAaPQ  |d MiAaPQ 
043 |a a-cc--- 
050 4 |a HC427  |b .C55975 2015 
082 0 |a 338.951  |2 21 
245 0 0 |a China's developmental miracle :  |b origins, transformations, and challenges /  |c Alvin Y. So, editor. 
264 1 |a London, [England] ;  |a New York, New York :  |b Routledge,  |c 2015. 
264 4 |c 2003 
300 |a 1 online resource (327 pages) :  |b illustrations. 
336 |a text  |2 rdacontent 
337 |a computer  |2 rdamedia 
338 |a online resource  |2 rdacarrier 
490 1 |a Asia and the Pacific 
504 |a Includes bibliographical references and index. 
588 |a Description based on print version record. 
590 |a Electronic reproduction. Ann Arbor, MI : ProQuest, 2016. Available via World Wide Web. Access may be limited to ProQuest affiliated libraries. 
651 0 |a China  |x Economic policy  |y 20th century. 
651 0 |a China  |x Economic conditions  |y 20th century. 
651 0 |a China  |x Social conditions  |y 20th century. 
655 4 |a Electronic books. 
700 1 |a So, Alvin Y.,  |e editor. 
776 0 8 |i Print version:  |t China's developmental miracle : origins, transformations, and challenges.  |d London, [England] ; New York, New York : Routledge, 2015, c2003   |h ix, 316 pages   |k Asia and the Pacific (Armonk, N.Y.)  |z 9780765610379   |w 200202940 
797 2 |a ProQuest (Firm) 
830 0 |a Asia and the Pacific (Armonk, N.Y.) 
856 4 0 |u https://ebookcentral.proquest.com/lib/matrademy/detail.action?docID=4586818  |z Click to View